ARACHAR (Record no. 4986)
[ view plain ]
| 000 -LEADER | |
|---|---|
| fixed length control field | 00542nam a22001577a 4500 |
| 020 ## - INTERNATIONAL STANDARD BOOK NUMBER | |
| ISBN | 978-81-264-3936-2 |
| 022 ## - INTERNATIONAL STANDARD SERIAL NUMBER | |
| ISSN | MEE/A |
| 082 ## - DEWEY DECIMAL CLASSIFICATION NUMBER | |
| Classification number | 894.812.3 |
| Item number | MEE/A |
| 100 ## - MAIN ENTRY--AUTHOR NAME | |
| Personal name | MEERA, K.R |
| 245 ## - TITLE STATEMENT | |
| Title | ARACHAR |
| 260 ## - PUBLICATION, DISTRIBUTION, ETC. (IMPRINT) | |
| Place of publication | KOTTAYAM |
| Name of publisher | DC BOOKS |
| Year of publication | 2013 |
| 300 ## - PHYSICAL DESCRIPTION | |
| Number of Pages | 552 |
| 520 ## - SUMMARY, ETC. | |
| Summary, etc | Set in Bengal, it tells the story of a family of executioners with a long lineage, beginning in the fourth century BC. The protagonist of the novel, Chetna, is a strong and tenacious woman who struggles to inherit this profession. |
| 650 ## - SUBJECT ADDED ENTRY--TOPICAL TERM | |
| Topical Term | NOVEL |
| 942 ## - ADDED ENTRY ELEMENTS (KOHA) | |
| Koha item type | Books |
| Withdrawn status | Lost status | Collection code | Home library | Current library | Shelving location | Date acquired | Source of acquisition | Cost, normal purchase price | Full call number | Accession Number | Koha item type |
|---|---|---|---|---|---|---|---|---|---|---|---|
| Fiction | Main Library | Main Library | SHELF-16- J- MALAYALAM NOVELS,FICTIONS | 25/03/2015 | Purchase | 275.00 | 894.812.3 MEE/A | 07300 | Books |